[Event "DEM U14w 2017"]
[Site "Willingen GER"]
[Date "2017.06.09"]
[Round "8"]
[White "Khamenya, Vitalia"]
[Black "Müdder, Melanie"]
[Result "1-0"]
[Termination "normal"]
[Board "1"]
[WhiteElo "1814"]
[BlackElo "1769"]
[WhiteClock "00:00:50"]
[BlackClock "00:00:35"]
[PlyCount "85"]
[WhiteFideId "12959260"]
[BlackFideId "12994103"]
[EventCountry "GER"]
[EventRounds "9"]
[EventType "swiss"]
[EventDate "2017.06.03"]

1. e4 {[%clk 1:30:52]} 1... c5 {[%clk 1:30:55]} 2. Nf3 {[%clk 1:31:15]} 2...
Nc6 {[%clk 1:31:16]} 3. d4 {[%clk 1:31:35]} 3... cxd4 {[%clk 1:31:38]} 4. c3 {
[%clk 1:31:44]} 4... dxc3 {[%clk 1:30:25]} 5. Nxc3 {[%clk 1:32:07]} 5... e6 {
[%clk 1:30:28]} 6. Bc4 {[%clk 1:32:30]} 6... Nge7 {[%clk 1:29:24]} 7. Bg5 {
[%clk 1:32:49]} 7... f6 {[%clk 1:28:50]} 8. Be3 {[%clk 1:33:12]} 8... Ng6 {
[%clk 1:24:19]} 9. O-O {[%clk 1:33:13]} 9... Be7 {[%clk 1:21:42]} 10. Rc1 {
[%clk 1:29:22]} 10... O-O {[%clk 1:18:42]} 11. Qc2 {[%clk 1:18:14]} 11... a6 {
[%clk 1:08:29]} 12. Rfd1 {[%clk 1:15:13]} 12... Qc7 {[%clk 1:00:50]} 13. a3 {
[%clk 0:56:30]} 13... Kh8 {[%clk 0:41:39]} 14. Ba2 {[%clk 0:51:38]} 14... b5 {
[%clk 0:35:19]} 15. Ne2 {[%clk 0:49:33]} 15... Bb7 {[%clk 0:27:55]} 16. Ned4 {
[%clk 0:45:27]} 16... Rfc8 {[%clk 0:22:41]} 17. Nxc6 {[%clk 0:19:27]} 17...
Bxc6 {[%clk 0:18:01]} 18. Nd4 {[%clk 0:18:03]} 18... Qb7 {[%clk 0:16:44]} 19.
Nxc6 {[%clk 0:15:36]} 19... Rxc6 {[%clk 0:14:24]} 20. Rxd7 {[%clk 0:13:16]}
20... Rxc2 {[%clk 0:14:24]} 21. Rxb7 {[%clk 0:13:36]} 21... Rxc1+ { [%clk
0:14:43]} 22. Bxc1 {[%clk 0:13:45]} 22... Rd8 {[%clk 0:13:54]} 23. Bb3 { [%clk
0:13:22]} 23... e5 {[%clk 0:09:14]} 24. g3 {[%clk 0:10:03]} 24... Rd3 { [%clk
0:07:42]} 25. Bc2 {[%clk 0:09:13]} 25... Rd8 {[%clk 0:07:38]} 26. Be3 { [%clk
0:08:34]} 26... h6 {[%clk 0:06:25]} 27. Bb3 {[%clk 0:08:20]} 27... Bf8 { [%clk
0:03:40]} 28. Ra7 {[%clk 0:04:44]} 28... Rd6 {[%clk 0:01:42]} 29. Bd5 { [%clk
0:02:06]} 29... Kh7 {[%clk 0:01:07]} 30. Kg2 {[%clk 0:00:45]} 30... Rd8 { [%clk
0:00:42]} 31. Rxa6 {[%clk 0:00:43]} 31... Rc8 {[%clk 0:00:51]} 32. Rc6 { [%clk
0:00:34]} 32... Rxc6 {[%clk 0:00:44]} 33. Bxc6 {[%clk 0:01:03]} 33... b4 {[%clk
0:01:09]} 34. a4 {[%clk 0:01:06]} 34... Ne7 {[%clk 0:00:42]} 35. Bb5 { [%clk
0:01:03]} 35... Nc8 {[%clk 0:00:44]} 36. a5 {[%clk 0:00:36]} 36... Bd6 { [%clk
0:00:53]} 37. a6 {[%clk 0:00:46]} 37... Bb8 {[%clk 0:00:56]} 38. Bc5 { [%clk
0:00:38]} 38... Na7 {[%clk 0:01:04]} 39. Ba4 {[%clk 0:00:34]} 39... Kg8 { [%clk
0:00:58]} 40. Bxb4 40... Kf7 {[%clk 0:01:07]} 41. Bc5 {[%clk 0:00:49]} 41...
Ke6 {[%clk 0:00:50]} 42. b4 {[%clk 0:00:55]} 42... Nc8 {[%clk 0:00:35]} 43. b5
{[%clk 0:00:50]} 1-0

[Event "DEM U14w 2017"]
[Site "Willingen GER"]
[Date "2017.06.09"]
[Round "8"]
[White "Glinzner, Alva"]
[Black "Schnabel, Luise"]
[Result "1-0"]
[Termination "normal"]
[Board "2"]
[WhiteElo "1750"]
[BlackElo "1661"]
[WhiteClock "00:39:20"]
[BlackClock "00:02:38"]
[PlyCount "45"]
[WhiteFideId "16206169"]
[BlackFideId "12943347"]
[EventCountry "GER"]
[EventRounds "9"]
[EventType "swiss"]
[EventDate "2017.06.03"]

1. e4 {[%clk 1:30:59]} 1... Nf6 {[%clk 1:30:48]} 2. e5 {[%clk 1:31:19]} 2...
Nd5 {[%clk 1:31:11]} 3. d4 {[%clk 1:31:37]} 3... d6 {[%clk 1:31:21]} 4. Nf3 {
[%clk 1:31:49]} 4... Bg4 {[%clk 1:27:57]} 5. Be2 {[%clk 1:31:29]} 5... Nc6 {
[%clk 1:26:36]} 6. O-O {[%clk 1:23:40]} 6... g6 {[%clk 1:15:55]} 7. b3 { [%clk
1:09:39]} 7... Bg7 {[%clk 1:14:09]} 8. Bb2 {[%clk 1:09:50]} 8... O-O { [%clk
1:04:55]} 9. Re1 {[%clk 1:04:28]} 9... Nf4 {[%clk 0:49:36]} 10. Na3 { [%clk
0:49:31]} 10... dxe5 {[%clk 0:46:30]} 11. dxe5 {[%clk 0:48:47]} 11... Nxe5
{[%clk 0:32:38]} 12. Bxe5 {[%clk 0:46:27]} 12... Bxe5 {[%clk 0:32:38]} 13. Qxd8
{[%clk 0:46:14]} 13... Raxd8 {[%clk 0:31:41]} 14. Nxe5 {[%clk 0:45:54]} 14...
Bxe2 {[%clk 0:07:14]} 15. g3 {[%clk 0:44:55]} 15... Rd2 {[%clk 0:03:40]} 16.
gxf4 {[%clk 0:44:02]} 16... f6 {[%clk 0:03:40]} 17. Nec4 {[%clk 0:44:01]} 17...
Bxc4 {[%clk 0:03:26]} 18. Nxc4 {[%clk 0:44:20]} 18... Rxc2 { [%clk 0:03:37]}
19. Rxe7 {[%clk 0:44:31]} 19... Rd8 {[%clk 0:03:30]} 20. Ne3 { [%clk 0:42:21]}
20... Re2 {[%clk 0:03:15]} 21. Rxc7 {[%clk 0:40:07]} 21... Rdd2 {[%clk
0:03:03]} 22. Rxb7 {[%clk 0:39:07]} 22... Rxf2 {[%clk 0:02:38]} 23. Rc1 {[%clk
0:39:20]} 1-0

[Event "DEM U14w 2017"]
[Site "Willingen GER"]
[Date "2017.06.09"]
[Round "8"]
[White "Berelowitsch, Dana"]
[Black "Schneider, Katharina"]
[Result "0-1"]
[Termination "normal"]
[Board "3"]
[WhiteElo "1646"]
[BlackElo "1493"]
[WhiteClock "00:00:59"]
[BlackClock "00:03:00"]
[PlyCount "82"]
[WhiteFideId "12977144"]
[BlackFideId "16200519"]
[EventCountry "GER"]
[EventRounds "9"]
[EventType "swiss"]
[EventDate "2017.06.03"]

1. e4 {[%clk 1:30:58]} 1... e5 {[%clk 1:30:55]} 2. Nf3 {[%clk 1:31:24]} 2...
Nc6 {[%clk 1:31:19]} 3. Bb5 {[%clk 1:31:49]} 3... a6 {[%clk 1:31:44]} 4. Ba4 {
[%clk 1:32:14]} 4... Nf6 {[%clk 1:32:00]} 5. O-O {[%clk 1:32:38]} 5... Be7 {
[%clk 1:31:28]} 6. Re1 {[%clk 1:33:00]} 6... b5 {[%clk 1:31:51]} 7. Bb3 { [%clk
1:33:24]} 7... O-O {[%clk 1:31:49]} 8. c3 {[%clk 1:33:35]} 8... d5 { [%clk
1:31:36]} 9. exd5 {[%clk 1:33:43]} 9... Nxd5 {[%clk 1:31:55]} 10. Nxe5 { [%clk
1:32:05]} 10... Nxe5 {[%clk 1:32:08]} 11. Rxe5 {[%clk 1:32:29]} 11... Nf6
{[%clk 1:32:29]} 12. d4 {[%clk 1:30:40]} 12... Bd6 {[%clk 1:32:16]} 13. Re1 {
[%clk 1:28:27]} 13... Ng4 {[%clk 1:30:51]} 14. g3 {[%clk 1:25:38]} 14... Nxh2 {
[%clk 1:23:43]} 15. Kxh2 {[%clk 1:17:25]} 15... Qh4+ {[%clk 1:22:31]} 16. Kg1 {
[%clk 1:16:20]} 16... Bxg3 {[%clk 1:06:55]} 17. fxg3 {[%clk 1:01:10]} 17...
Qxg3+ {[%clk 1:04:51]} 18. Kh1 {[%clk 0:59:24]} 18... Bg4 {[%clk 0:54:23]} 19.
Re3 {[%clk 0:37:46]} 19... Qh4+ {[%clk 0:54:02]} 20. Kg2 {[%clk 0:38:02]} 20...
Bxd1 {[%clk 0:53:56]} 21. Bxd1 {[%clk 0:38:23]} 21... Rae8 {[%clk 0:42:13]} 22.
Rg3 {[%clk 0:30:40]} 22... Re1 {[%clk 0:34:15]} 23. Rh3 {[%clk 0:26:08]} 23...
Qe4+ {[%clk 0:30:33]} 24. Bf3 {[%clk 0:24:50]} 24... Qc2+ {[%clk 0:29:20]} 25.
Bd2 {[%clk 0:17:37]} 25... Rxb1 {[%clk 0:27:08]} 26. Rxb1 {[%clk 0:17:48]}
26... Qxb1 {[%clk 0:26:39]} 27. Rh2 {[%clk 0:10:05]} 27... Qxb2 {[%clk 0:18:38]
} 28. Kg3 {[%clk 0:09:54]} 28... Qa3 {[%clk 0:17:08]} 29. Be4 {[%clk 0:08:25]}
29... g6 {[%clk 0:10:54]} 30. Rf2 {[%clk 0:05:26]} 30... Kg7 {[%clk 0:05:42]}
31. Kg2 {[%clk 0:04:34]} 31... f6 {[%clk 0:05:13]} 32. Kg1 {[%clk 0:03:11]}
32... Qe7 {[%clk 0:04:27]} 33. Bb7 {[%clk 0:01:33]} 33... Qe6 {[%clk 0:03:04]}
34. Rg2 {[%clk 0:01:21]} 34... Re8 {[%clk 0:02:31]} 35. Bf3 {[%clk 0:01:23]}
35... Qf5 {[%clk 0:02:23]} 36. Bb7 {[%clk 0:01:37]} 36... a5 {[%clk 0:02:23]}
37. Bc6 {[%clk 0:01:44]} 37... Re7 {[%clk 0:02:09]} 38. Bb7 {[%clk 0:01:49]}
38... Qd3 {[%clk 0:02:09]} 39. Bc6 {[%clk 0:01:17]} 39... Re2 {[%clk 0:02:17]}
40. Rxe2 {[%clk 0:00:39]} 40... Qxe2 {[%clk 0:02:42]} 41. Bf4 {[%clk 0:00:59]}
41... Qg4+ {[%clk 0:03:00]} 0-1

[Event "DEM U14w 2017"]
[Site "Willingen GER"]
[Date "2017.06.09"]
[Round "8"]
[White "Bui, Ngoc Han Julia"]
[Black "Ortlepp, Klaudia"]
[Result "1-0"]
[Termination "normal"]
[Board "4"]
[WhiteElo "1794"]
[BlackElo "1631"]
[WhiteClock "00:25:44"]
[BlackClock "00:11:40"]
[PlyCount "87"]
[WhiteFideId "12977055"]
[BlackFideId "16206045"]
[EventCountry "GER"]
[EventRounds "9"]
[EventType "swiss"]
[EventDate "2017.06.03"]

1. e4 {[%clk 1:30:58]} 1... e5 {[%clk 1:30:54]} 2. Nf3 {[%clk 1:31:23]} 2...
Nc6 {[%clk 1:31:18]} 3. Bb5 {[%clk 1:31:48]} 3... f5 {[%clk 1:31:39]} 4. Nc3 {
[%clk 1:32:06]} 4... fxe4 {[%clk 1:32:00]} 5. Nxe4 {[%clk 1:32:29]} 5... Nf6 {
[%clk 1:32:21]} 6. Qe2 {[%clk 1:24:35]} 6... d5 {[%clk 1:27:32]} 7. Nxe5 {
[%clk 1:20:37]} 7... dxe4 {[%clk 1:12:50]} 8. Qc4 {[%clk 1:14:54]} 8... Qd5 {
[%clk 1:06:10]} 9. Qxd5 {[%clk 1:13:17]} 9... Nxd5 {[%clk 1:06:23]} 10. Nxc6 {
[%clk 1:13:18]} 10... Bd7 {[%clk 1:04:54]} 11. Nd4 {[%clk 1:12:36]} 11... c6 {
[%clk 1:03:27]} 12. Be2 {[%clk 1:10:16]} 12... Nf4 {[%clk 0:58:12]} 13. Bf1 {
[%clk 1:07:44]} 13... Bc5 {[%clk 0:53:19]} 14. Nb3 {[%clk 1:06:52]} 14... Bd6 {
[%clk 0:52:12]} 15. g3 {[%clk 1:06:23]} 15... Nh3 {[%clk 0:50:56]} 16. d3 {
[%clk 1:05:01]} 16... O-O {[%clk 0:48:09]} 17. Be3 {[%clk 1:02:33]} 17... exd3
{[%clk 0:38:29]} 18. Bxd3 {[%clk 1:00:39]} 18... Rae8 {[%clk 0:37:04]} 19.
O-O-O {[%clk 0:59:42]} 19... Be6 {[%clk 0:29:53]} 20. Rd2 {[%clk 0:40:25]}
20... Bd5 {[%clk 0:27:02]} 21. Rhd1 {[%clk 0:39:25]} 21... Be7 {[%clk 0:25:09]}
22. Kb1 {[%clk 0:34:28]} 22... b6 {[%clk 0:21:17]} 23. Nd4 {[%clk 0:28:44]}
23... c5 {[%clk 0:17:56]} 24. Nb5 {[%clk 0:27:52]} 24... Bf3 {[%clk 0:16:39]}
25. Be2 {[%clk 0:27:04]} 25... Bxe2 {[%clk 0:16:10]} 26. Rxe2 {[%clk 0:27:29]}
26... Rd8 {[%clk 0:16:07]} 27. Red2 {[%clk 0:26:46]} 27... a6 {[%clk 0:15:52]}
28. Nc7 {[%clk 0:25:55]} 28... Ng5 {[%clk 0:14:50]} 29. Rxd8 {[%clk 0:25:24]}
29... Rxd8 {[%clk 0:15:08]} 30. Rxd8+ {[%clk 0:24:50]} 30... Bxd8 { [%clk
0:15:29]} 31. Nxa6 {[%clk 0:24:28]} 31... Ne6 {[%clk 0:14:39]} 32. a4 { [%clk
0:23:24]} 32... Kf7 {[%clk 0:13:45]} 33. a5 {[%clk 0:23:32]} 33... Ke7 { [%clk
0:13:04]} 34. axb6 {[%clk 0:22:41]} 34... Bxb6 {[%clk 0:13:25]} 35. b4 { [%clk
0:22:58]} 35... Kd6 {[%clk 0:12:32]} 36. bxc5+ {[%clk 0:23:04]} 36... Bxc5
{[%clk 0:12:37]} 37. Nxc5 {[%clk 0:23:23]} 37... Nxc5 {[%clk 0:12:59]} 38.
Bxc5+ {[%clk 0:23:39]} 38... Kxc5 {[%clk 0:13:24]} 39. Kc1 {[%clk 0:23:58]}
39... Kc4 {[%clk 0:13:28]} 40. Kd2 {[%clk 0:24:24]} 40... Kd4 {[%clk 0:13:44]}
41. c3+ {[%clk 0:24:38]} 41... Kc4 {[%clk 0:13:57]} 42. f4 {[%clk 0:24:52]}
42... Kc5 {[%clk 0:11:16]} 43. Kd3 {[%clk 0:25:18]} 43... Kd5 {[%clk 0:11:40]}
44. c4+ {[%clk 0:25:44]} 1-0

[Event "DEM U14w 2017"]
[Site "Willingen GER"]
[Date "2017.06.09"]
[Round "8"]
[White "Pavlov, Liliane"]
[Black "Kunisch, Nina"]
[Result "0-1"]
[Termination "normal"]
[Board "6"]
[WhiteElo "1479"]
[BlackElo "1599"]
[WhiteClock "00:33:32"]
[BlackClock "00:23:13"]
[PlyCount "90"]
[WhiteFideId "16225449"]
[BlackFideId "12982849"]
[EventCountry "GER"]
[EventRounds "9"]
[EventType "swiss"]
[EventDate "2017.06.03"]

1. Nc3 {[%clk 1:30:58]} 1... c5 {[%clk 1:29:29]} 2. Nf3 {[%clk 1:30:32]} 2...
Nc6 {[%clk 1:29:16]} 3. d4 {[%clk 1:29:10]} 3... cxd4 {[%clk 1:28:58]} 4. Nxd4
{[%clk 1:29:18]} 4... g6 {[%clk 1:29:07]} 5. Nxc6 {[%clk 1:26:49]} 5... bxc6 {
[%clk 1:28:42]} 6. Qd4 {[%clk 1:24:30]} 6... Nf6 {[%clk 1:22:30]} 7. e4 { [%clk
1:22:15]} 7... Qb6 {[%clk 1:06:56]} 8. Be3 {[%clk 1:14:05]} 8... Qxd4 { [%clk
1:01:49]} 9. Bxd4 {[%clk 1:10:37]} 9... Bg7 {[%clk 0:55:25]} 10. Bc4 { [%clk
1:04:34]} 10... d6 {[%clk 0:51:22]} 11. Rd1 {[%clk 1:00:07]} 11... c5 { [%clk
0:48:15]} 12. Bb5+ {[%clk 0:59:49]} 12... Bd7 {[%clk 0:47:19]} 13. Bxd7+ {[%clk
0:59:55]} 13... Kxd7 {[%clk 0:47:40]} 14. Bxc5 {[%clk 1:00:02]} 14... Rhb8
{[%clk 0:38:22]} 15. Ba3 {[%clk 0:58:47]} 15... Ng4 {[%clk 0:34:01]} 16. Na4
{[%clk 0:40:22]} 16... Rc8 {[%clk 0:31:41]} 17. c3 {[%clk 0:33:27]} 17... Rc4
{[%clk 0:28:39]} 18. Nc5+ {[%clk 0:31:05]} 18... Kc8 {[%clk 0:28:25]} 19. h3
{[%clk 0:20:10]} 19... Ne5 {[%clk 0:17:23]} 20. Nd3 {[%clk 0:16:00]} 20...
Rxe4+ {[%clk 0:17:35]} 21. Kf1 {[%clk 0:16:06]} 21... Nc4 {[%clk 0:13:21]} 22.
f3 {[%clk 0:12:00]} 22... Re6 {[%clk 0:13:10]} 23. Kg1 {[%clk 0:10:21]} 23...
Nxa3 {[%clk 0:12:14]} 24. bxa3 {[%clk 0:10:43]} 24... Re2 {[%clk 0:12:26]} 25.
Ra1 {[%clk 0:10:46]} 25... Rc2 {[%clk 0:12:44]} 26. Kh2 {[%clk 0:09:52]} 26...
Rxc3 {[%clk 0:12:24]} 27. Rac1 {[%clk 0:09:42]} 27... Rxc1 {[%clk 0:12:47]} 28.
Rxc1+ {[%clk 0:10:03]} 28... Kd7 {[%clk 0:13:01]} 29. Rb1 {[%clk 0:09:49]}
29... Bf6 {[%clk 0:11:20]} 30. g4 {[%clk 0:09:00]} 30... h6 {[%clk 0:11:31]}
31. Kg3 {[%clk 0:08:25]} 31... g5 {[%clk 0:05:55]} 32. f4 {[%clk 0:08:41]}
32... gxf4+ {[%clk 0:05:39]} 33. Kxf4 {[%clk 0:08:59]} 33... Bg5+ { [%clk
0:06:02]} 34. Kg3 {[%clk 0:09:16]} 34... a5 {[%clk 0:05:35]} 35. a4 { [%clk
0:09:18]} 35... Rc8 {[%clk 0:05:40]} 36. Rd1 {[%clk 0:07:13]} 36... Rc3 { [%clk
0:03:18]} 37. Kf2 {[%clk 0:07:04]} 37... Rc2+ {[%clk 0:03:29]} 38. Kg1 { [%clk
0:07:24]} 38... Rxa2 {[%clk 0:03:06]} 39. Kh1 {[%clk 0:07:18]} 39... Kc8 {[%clk
0:01:08]} 40. Rf1 {[%clk 0:06:23]} 40... Rxa4 {[%clk 0:00:35]} 41. Rxf7 {[%clk
0:06:17]} 41... Ra1+ {[%clk 0:00:33]} 42. Kg2 {[%clk 0:06:34]} 42... Ra2+
{[%clk 0:29:45]} 43. Kh1 {[%clk 0:36:44]} 43... Rd2 {[%clk 0:26:35]} 44. Nf2
{[%clk 0:34:36]} 44... Rd4 {[%clk 0:24:17]} 45. Rf8+ {[%clk 0:33:32]} 45... Kb7
{[%clk 0:23:13]} 0-1

[Event "DEM U14w 2017"]
[Site "Willingen GER"]
[Date "2017.06.09"]
[Round "8"]
[White "Schwegler, Jelena"]
[Black "Bohrer, Katharina"]
[Result "1/2-1/2"]
[Termination "normal"]
[Board "7"]
[WhiteElo "1284"]
[BlackElo "1176"]
[PlyCount "45"]
[WhiteFideId "16225481"]
[BlackFideId "16225457"]
[EventCountry "GER"]
[EventRounds "9"]
[EventType "swiss"]
[EventDate "2017.06.03"]

1. e4 d6 2. d4 Nf6 3. Nc3 g6 4. Be3 c6 5. Qd2 b5 6. f3 Nbd7 7. g4 Nb6 8. g5
Nfd7 9. f4 a5 10. Nf3 b4 11. Nd1 Qc7 12. b3 c5 13. Bg2 Ba6 14. Nf2 c4 15. h4
cxb3 16. axb3 Bb7 17. h5 Qc3 18. Qxc3 bxc3 19. hxg6 fxg6 20. f5 Bg7 21. Ke2
Ba6+ 22. Ke1 Bb7 23. Ke2 1/2-1/2

[Event "DEM U14w 2017"]
[Site "Willingen GER"]
[Date "2017.06.09"]
[Round "8"]
[White "Basovskiy, Jana"]
[Black "Abele, Anais"]
[Result "1-0"]
[Termination "normal"]
[Board "8"]
[WhiteElo "1741"]
[BlackElo "1628"]
[PlyCount "89"]
[WhiteFideId "16208617"]
[BlackFideId "16208927"]
[EventCountry "GER"]
[EventRounds "9"]
[EventType "swiss"]
[EventDate "2017.06.03"]

1. e4 e5 2. Nf3 Nc6 3. Bc4 Nf6 4. Ng5 d5 5. exd5 Na5 6. Bb5+ Bd7 7. Qe2 Be7 8.
Nc3 O-O 9. Nge4 Bxb5 10. Qxb5 c6 11. dxc6 Nxc6 12. Nxf6+ Bxf6 13. Ne2 Qd7 14.
O-O Rfd8 15. Qb3 Rac8 16. Qf3 Nb4 17. c3 Nd3 18. b3 Nxc1 19. Rfxc1 Qxd2 20. Ng3
Qd7 21. Ne4 Be7 22. Qg3 Qf5 23. f3 Bc5+ 24. Nxc5 Rxc5 25. Rd1 Rcd5 26. Qe1 Qd7
27. Rxd5 Qxd5 28. Qe3 b6 29. Re1 f6 30. c4 Qd4 31. Kf1 Qxe3 32. Rxe3 Rd2 33.
Re2 Rxe2 34. Kxe2 Kf7 35. Ke3 Ke6 36. Ke4 Kd6 37. b4 a5 38. a3 axb4 39. axb4 g6
40. g4 h6 41. f4 Ke6 42. fxe5 fxe5 43. c5 b5 44. h4 h5 45. g5 1-0

[Event "DEM U14w 2017"]
[Site "Willingen GER"]
[Date "2017.06.09"]
[Round "8"]
[White "Wagner, Victoria"]
[Black "Zell, Hannah"]
[Result "0-1"]
[Termination "normal"]
[Board "9"]
[WhiteElo "1499"]
[BlackElo "1489"]
[PlyCount "78"]
[WhiteFideId "16232348"]
[BlackFideId "16208900"]
[EventCountry "GER"]
[EventRounds "9"]
[EventType "swiss"]
[EventDate "2017.06.03"]

1. e4 Nc6 2. Nf3 d5 3. e5 Bf5 4. d4 e6 5. Be3 f6 6. a3 fxe5 7. Nxe5 Nxe5 8.
dxe5 Ne7 9. c4 Nc6 10. cxd5 Nxe5 11. Qa4+ c6 12. dxc6 Nxc6 13. Bb5 Qc7 14. Bxa7
Kf7 15. Bxc6 bxc6 16. Qb3 Rxa7 17. Qf3 Qe5+ 18. Qe3 Qxe3+ 19. fxe3 Bb4+ 20. Nc3
Bxc3+ 21. bxc3 Rha8 22. O-O Ke7 23. Rae1 Rxa3 24. e4 Bg6 25. Rd1 Rxc3 26. Rb1
Ra7 27. Rfe1 Rc4 28. Rb6 Bxe4 29. Rd1 Bd5 30. Rdb1 Rc2 31. g3 Rg2+ 32. Kf1 Rxh2
33. Rb7+ Rxb7 34. Rxb7+ Kf6 35. g4 Rg2 36. Rb4 c5 37. Rf4+ Ke5 38. Ra4 c4 39.
Ra5 Rxg4 0-1

[Event "DEM U14w 2017"]
[Site "Willingen GER"]
[Date "2017.06.09"]
[Round "8"]
[White "Jung, Karina"]
[Black "Fuchs, Emily"]
[Result "1/2-1/2"]
[Termination "normal"]
[Board "10"]
[WhiteElo "1614"]
[BlackElo "1225"]
[PlyCount "108"]
[WhiteFideId "16222865"]
[BlackFideId "16208986"]
[EventCountry "GER"]
[EventRounds "9"]
[EventType "swiss"]
[EventDate "2017.06.03"]

1. e4 e5 2. Nf3 Nc6 3. Bc4 Nf6 4. d3 Bc5 5. c3 d6 6. O-O Be6 7. Bb5 a6 8. Ba4
b5 9. Bc2 Nd7 10. d4 exd4 11. cxd4 Bb6 12. d5 Bg4 13. dxc6 Ne5 14. Nbd2 Nxc6
15. Re1 O-O 16. h3 Bh5 17. Qe2 Nd4 18. Qd3 Nxc2 19. Qxc2 c5 20. Qd3 f6 21. Nf1
c4 22. Qd5+ Bf7 23. Qd1 Re8 24. Bf4 Ba5 25. Re2 c3 26. bxc3 Bxc3 27. Rc1 Bb4
28. Nd4 Bc5 29. Ng3 Qb6 30. Rd2 Bxa2 31. Rxa2 Bxd4 32. Rd2 Be5 33. Nh5 Rec8 34.
Rxc8+ Rxc8 35. Qg4 Rc1+ 36. Kh2 Bxf4+ 37. Qxf4 Rc5 38. Rxd6 Rc6 39. Rxc6 Qxc6
40. Qb8+ Kf7 41. Qa7+ Ke6 42. Nxg7+ Ke5 43. Qe7+ Kd4 44. Ne6+ Kc4 45. Qxf6 Qxe4
46. Nc7 a5 47. Qb6 b4 48. Qxa5 Qf4+ 49. Kg1 Qc1+ 50. Kh2 Qf4+ 51. g3 Qxf2+ 52.
Kh1 Qf1+ 53. Kh2 Qf2+ 54. Kh1 Qf1+ 1/2-1/2

[Event "DEM U14w 2017"]
[Site "Willingen GER"]
[Date "2017.06.09"]
[Round "8"]
[White "Sinnhöfer, Lilian"]
[Black "Ruhmke, Rebecca"]
[Result "0-1"]
[Termination "normal"]
[Board "11"]
[WhiteElo "1477"]
[BlackElo "1127"]
[PlyCount "122"]
[WhiteFideId "12977586"]
[BlackFideId "16235991"]
[EventCountry "GER"]
[EventRounds "9"]
[EventType "swiss"]
[EventDate "2017.06.03"]

1. e4 d5 2. exd5 Nf6 3. d4 Nxd5 4. Nf3 Bg4 5. Be2 e6 6. O-O Be7 7. c4 Nb6 8.
Nc3 O-O 9. Bf4 Nc6 10. b3 Bxf3 11. Bxf3 Nxd4 12. Bxb7 Rb8 13. Be4 Bf6 14. Rc1
Qd7 15. Qd3 g6 16. Rcd1 Rbd8 17. Rfe1 Nxb3 18. Qxd7 Rxd7 19. Rxd7 Nxd7 20. Nb5
Nbc5 21. Bc6 Nd3 22. Rd1 Nxf4 23. Rxd7 Rd8 24. Nxc7 Rb8 25. Rd1 Rc8 26. Rd7 Be5
27. Bb5 Rxc7 28. Rxc7 Bxc7 29. Kf1 Kf8 30. g3 Nd3 31. a4 Ke7 32. Ke2 Nc1+ 33.
Ke3 Nb3 34. Ba6 Nc5 35. Bb5 Be5 36. f4 Bc3 37. Bc6 f5 38. Bb5 a6 39. Bc6 Kd6
40. Be8 e5 41. fxe5+ Kxe5 42. Bc6 Bd4+ 43. Kf3 h6 44. h3 g5 45. Be8 f4 46. Bc6
Nb3 47. Bb7 a5 48. Bd5 Kf5 49. Be4+ Ke5 50. Bd5 Nd2+ 51. Kg2 Kf5 52. h4 g4 53.
gxf4 Kxf4 54. Be6 Bf6 55. h5 g3 56. c5 Bd8 57. c6 Nf3 58. Bd5 Ne1+ 59. Kh3 Bc7
60. Bh1 Nd3 61. Bd5 Nb2 0-1

[Event "DEM U14w 2017"]
[Site "Willingen GER"]
[Date "2017.06.09"]
[Round "8"]
[White "Hoffmann, Vanessa"]
[Black "Albert, Eske"]
[Result "1/2-1/2"]
[Termination "normal"]
[Board "12"]
[WhiteElo "1022"]
[BlackElo "1415"]
[PlyCount "90"]
[WhiteFideId "16244672"]
[BlackFideId "12991813"]
[EventCountry "GER"]
[EventRounds "9"]
[EventType "swiss"]
[EventDate "2017.06.03"]

1. e4 e5 2. Nf3 Nc6 3. d4 exd4 4. Nxd4 Nf6 5. Nc3 Bb4 6. Nxc6 bxc6 7. Bd2 d5 8.
Bd3 O-O 9. O-O Bxc3 10. Bxc3 Nxe4 11. Bxe4 dxe4 12. Qe2 Re8 13. f3 exf3 14.
Qxf3 Qd5 15. Qg3 f6 16. Bxf6 Qd7 17. Be5 Qg4 18. Qxg4 Bxg4 19. Bxc7 Re7 20. Bg3
g6 21. a4 Bf5 22. Rac1 Rb7 23. b3 Rd8 24. Rf2 Kf7 25. Bh4 Rbd7 26. g4 Rd4 27.
Bg3 Rxg4 28. Rf3 Rd7 29. c4 Ke8 30. Re1+ Re7 31. Rfe3 Rge4 32. Kf2 Rxe3 33.
Rxe3 Rxe3 34. Kxe3 Bc2 35. b4 Bxa4 36. c5 Kd7 37. Kf4 Ke6 38. Kg5 Kf7 39. Kf4
a6 40. Ke5 Bb5 41. Bf4 Kg7 42. Bg5 h6 43. Bf6+ Kf7 44. h4 h5 45. Bg5 Ba4
1/2-1/2

[Event "DEM U14w 2017"]
[Site "Willingen GER"]
[Date "2017.06.09"]
[Round "8"]
[White "Wucherer, Sophie"]
[Black "Jacoby, Angelina"]
[Result "1-0"]
[Termination "normal"]
[Board "13"]
[WhiteElo "1229"]
[BlackElo "1244"]
[PlyCount "71"]
[WhiteFideId "16225473"]
[BlackFideId "12999008"]
[EventCountry "GER"]
[EventRounds "9"]
[EventType "swiss"]
[EventDate "2017.06.03"]

1. d4 d5 2. Bf4 e6 3. Nf3 Bd6 4. Bg3 Nf6 5. e3 Qe7 6. Bd3 Nbd7 7. c3 O-O 8. O-O
e5 9. Be2 e4 10. Nfd2 c6 11. c4 b6 12. Nc3 Bb7 13. a3 Bxg3 14. hxg3 a6 15. a4
Ne8 16. Rb1 Nc7 17. b4 Rfb8 18. Qc2 Nf6 19. Rfc1 Bc8 20. b5 axb5 21. axb5 cxb5
22. Nxd5 Ncxd5 23. cxd5 Bf5 24. Rxb5 Bd7 25. Rb2 Rc8 26. Qb1 Rxc1+ 27. Qxc1
Nxd5 28. Rb3 Rc8 29. Qa1 Bf5 30. Bc4 Qd7 31. Bxd5 Qxd5 32. Rxb6 Qd8 33. Qb1 Bg4
34. Nxe4 Bf5 35. f3 Qd5 36. Rb8 1-0